=LDR 00000nam 2200000 4500 =001 INLIS000000000033230 =005 20210218075610 =035 ##$$a 0010-061300000033230 =008 210218################g##########0#ind## =041 ##$$a ind =082 ##$$a 332.6 =090 ##$$a 332.6, Pur,o =100 ##$$a Purnomo, Budi S =245 1#$$a Obligasi Daerah, Alternatif Infestasi Bagi Masyarakat dan Sumber Pendanaan Pemerintah Daerah /$c Budi S.Purnomo =260 ##$$a Bandung :$b Alfabeta,$c 2009 =300 ##$$a 205 hlm ; $c 23 x 15 cm =650 #4$$a Obligasi =850 ##$$a NBPNMAT =020 ##$$a 978-602-8361-54-5 =084 ##$$a 332.6 PUR o =250 ##$$a cet.1 =990 ##$$a 21003298 =990 ##$$a 21003297 =990 ##$$a 21003296 =990 ##$$a 21003299 =990 ##$$a 21003297 =990 ##$$a 21003298 =990 ##$$a 21003296 =990 ##$$a 21003299 =990 ##$$a 21003298 =990 ##$$a 21003297 =990 ##$$a 21003296 =990 ##$$a 21003299